Фоновая связность в теории гравитации: автореферат диссертации на соискание ученой степени кандидата физико-математических наук; Спец. 01.04.02

Dettagli Bibliografici
Autore principale: Тентюков М. Н. Михаил Николаевич
Ente Autore: Объединенный институт ядерных исследований
Altri autori: Черников Н. А. (научный руководитель)
Riassunto:Защита сост. 23.02.1994 г.
For_staff_use
Lingua:russo
Pubblicazione: Дубна, [Б. и.], 1994
Soggetti:
Natura: MixedMaterials Libro
KOHA link:https://koha.lib.tpu.ru/cgi-bin/koha/opac-detail.pl?biblionumber=74043

MARC

LEADER 00000nam0a2200000 4500
001 74043
005 20240321165339.0
035 |a (RuTPU)RU\TPU\book\78976 
090 |a 74043 
100 |a 20050228d1994 k y0rusy50 ca 
101 0 |a rus 
102 |a RU 
105 |a y dm 001zy 
200 1 |a Фоновая связность в теории гравитации  |e автореферат диссертации на соискание ученой степени кандидата физико-математических наук  |e Спец. 01.04.02  |f М. Н. Тентюков  |g Объединенный институт ядерных исследований; науч. рук. Н. А. Черников 
210 |a Дубна  |c [Б. и.]  |d 1994 
215 |a 12 с. 
300 |a Защита сост. 23.02.1994 г. 
320 |a Библиогр.: с. 10-12 (21 назв.) 
371 0 |a For_staff_use 
610 1 |a теоретическая физика 
610 1 |a теория относительности 
610 1 |a гравитация 
610 1 |a фоновая связность 
610 1 |a инвариантность 
610 1 |a ковариантность 
610 1 |a уравнения Эйнштейна 
610 1 |a предельный переход 
610 1 |a авторефераты диссертаций 
675 |a 531.5  |v 3 
686 |a 01.04.02  |2 oksvnk 
700 1 |a Тентюков  |b М. Н.  |g Михаил Николаевич 
702 1 |a Черников  |b Н. А.  |4 727 
712 0 2 |a Объединенный институт ядерных исследований  |3 (RuTPU)RU\TPU\col\243 
801 1 |a RU  |b 63413507  |c 20050228  |g PSBO 
801 2 |a RU  |b 63413507  |c 20131011  |g PSBO 
942 |c BK